Athlétisme épreuves aux JO Paris 2024 - Statistiques

Statistiques générales
  • Ce quiz a été pris 494 fois
  • Le résultat moyen est 21 sur 25
Statistiques - réponses
Réponse % Correct
100 m
99%
200 m
97%
400 m
96%
Saut en Hauteur
96%
800 m
94%
Lancer du Javelot
94%
Lancer du Poids
94%
Saut en Longueur
94%
Lancer du Disque
93%
Saut à la Perche
93%
Lancer du Marteau
91%
1 500 m
89%
Triple Saut
89%
10 000 m
87%
5 000 m
86%
110 m Haies
83%
Décathlon
83%
Marathon
83%
100 m Haies
82%
4 x 100 m
76%
4 x 400 m
75%
Heptathlon
73%
3 000 m Steeple
70%
400 m Haies
68%
20 km
58%
Aucun quiz correspondant
Distribution des résultats
% des personnes avec chaque résultat
Percentile par nombre de réponses
Votre historique - résultats
Vous n’avez pas pris ce quiz